[Event "OEISM 0818 BLMM"]
[Site "austriablmm"]
[Date "2020.12.12"]
[Round "7"]
[White "Julian17"]
[Black "Peter Balint"]
[Result "1-0"]
[WhiteElo "1807"]
[BlackElo "1808"]
[Annotator "NA"]
[PlyCount "57"]
[EventDate "2020.12.12"]
[EventType "blitz"]

1. e4 {[%emt 0:00:03]} e5 {[%emt 0:00:03]} 2. Nf3 {[%emt 0:00:01]} Nc6 {[%emt 0:00:01]} 3. Bc4 {[%emt 0:00:01]} Nf6 {[%emt 0:00:03]} 4. Ng5 {[%emt 0:00:02]} d5 {[%emt 0:00:01]} 5. exd5 {[%emt 0:00:01]} Na5 {[%emt 0:00:00]} 6. Bb5+ {[%emt 0:00:01]} c6 {[%emt 0:00:00]} 7. dxc6 {[%emt 0:00:01]} bxc6 {[%emt 0:00:00]} 8. Bd3 {[%emt 0:00:01]} h6 {[%emt 0:00:02]} 9. Ne4 {[%emt 0:00:11]} Nd5 {[%emt 0:00:01]} 10. O-O {[%emt 0:00:18]} Be7 {[%emt 0:00:08]} 11. Ng3 {[%emt 0:00:07]} Nf4 {[%emt 0:00:10]} 12. Bf5 {[%emt 0:00:12]} O-O {[%emt 0:00:58]} 13. d4 {[%emt 0:00:18]} f6 {[%emt 0:00:16]} 14. dxe5 {[%emt 0:00:27]} Bxf5 {[%emt 0:00:15]} 15. Qxd8 {[%emt 0:00:35]} Bxd8 {[%emt 0:00:04]} 16. Nxf5 {[%emt 0:01:08]} fxe5 {[%emt 0:00:03]} 17. Bxf4 {[%emt 0:00:22]} exf4 {[%emt 0:00:04]} 18. Nd4 {[%emt 0:00:10]} Bf6 {[%emt 0:00:16]} 19. c3 {[%emt 0:00:34]} c5 {[%emt 0:00:07]} 20. Ne6 {[%emt 0:00:18]} Rfc8 {[%emt 0:00:37]} 21. Nxf4 {[%emt 0:00:09]} c4 {[%emt 0:00:06]} 22. Nd5 {[%emt 0:00:32]} Bd8 {[%emt 0:00:20]} 23. Nd2 {[%emt 0:00:23]} Rab8 {[%emt 0:00:07]} 24. Rab1 {[%emt 0:00:09]} Bg5 {[%emt 0:00:18]} 25. Ne4 {[%emt 0:00:28]} Bd8 {[%emt 0:00:17]} 26. Rfd1 {[%emt 0:00:22]} Rb5 {[%emt 0:00:50]} 27. Nd6 {[%emt 0:00:10]} Rbc5 {[%emt 0:00:09]} 28. Nxc8 {[%emt 0:00:04]} Rxc8 {[%emt 0:00:00]} 29. g3 {[%emt 0:00:09] Peter Balint resigns} 1-0

[Event "OEISM 0818 BLMM"]
[Site "austriablmm"]
[Date "2020.12.12"]
[Round "7"]
[White "Goldene Leune"]
[Black "Blacky247"]
[Result "0-1"]
[WhiteElo "1742"]
[BlackElo "1531"]
[Annotator "NA"]
[PlyCount "46"]
[EventDate "2020.12.12"]
[EventType "blitz"]

1. d4 {[%emt 0:00:05]} d5 {[%emt 0:00:03]} 2. Nf3 {[%emt 0:00:02]} e6 {[%emt 0:00:02]} 3. e3 {[%emt 0:00:02]} Nf6 {[%emt 0:00:01]} 4. c4 {[%emt 0:00:02]} dxc4 {[%emt 0:00:06]} 5. Bxc4 {[%emt 0:00:03]} Nc6 {[%emt 0:00:04]} 6. O-O {[%emt 0:00:04]} Bd7 {[%emt 0:00:03]} 7. Nc3 {[%emt 0:00:02]} Bb4 {[%emt 0:00:05]} 8. Bd2 {[%emt 0:00:02]} O-O {[%emt 0:00:03]} 9. Qe2 {[%emt 0:00:02]} h6 {[%emt 0:00:04]} 10. Rac1 {[%emt 0:00:02]} Na5 {[%emt 0:00:08]} 11. Ne4 {[%emt 0:00:08]} Bxd2 {[%emt 0:00:11]} 12. Nxf6+ {[%emt 0:00:03]} Qxf6 {[%emt 0:00:13]} 13. Qxd2 {[%emt 0:00:02]} Nxc4 {[%emt 0:00:04]} 14. Rxc4 {[%emt 0:00:02]} Qd8 {[%emt 0:00:04]} 15. Qc3 {[%emt 0:00:18]} Bb5 {[%emt 0:00:06]} 16. Rb4 {[%emt 0:00:03]} Bxf1 {[%emt 0:00:03]} 17. Kxf1 {[%emt 0:00:05]} Qc8 {[%emt 0:00:02]} 18. d5 {[%emt 0:00:02]} a5 {[%emt 0:00:08]} 19. Rg4 {[%emt 0:00:02]} g6 {[%emt 0:00:12]} 20. Rh4 {[%emt 0:00:08]} h5 {[%emt 0:00:05]} 21. Ng5 {[%emt 0:00:03]} Qd7 {[%emt 0:00:12]} 22. Qf6 {[%emt 0:00:02]} Qxd5 {[%emt 0:00:07]} 23. Rxh5 {[%emt 0:00:02]} Qd1# {[%emt 0:00:03] Mate Mate} 0-1

[Event "OEISM 0818 BLMM"]
[Site "austriablmm"]
[Date "2020.12.12"]
[Round "7"]
[White "Wimmer Michael"]
[Black "Cachri"]
[Result "1-0"]
[WhiteElo "1710"]
[BlackElo "1610"]
[Annotator "NA RC"]
[PlyCount "143"]
[EventDate "2020.12.12"]
[EventType "blitz"]

1. e4 {[%emt 0:00:03]} d6 {[%emt 0:00:01]} 2. d4 {[%emt 0:00:02]} Nf6 {[%emt 0:00:01]} 3. Bd3 {[%emt 0:00:03]} g6 {[%emt 0:00:02]} 4. Nf3 {[%emt 0:00:05]} Bg7 {[%emt 0:00:01]} 5. Be3 {[%emt 0:00:02]} O-O {[%emt 0:00:02]} 6. Nbd2 {[%emt 0:00:01]} c6 {[%emt 0:00:02]} 7. O-O {[%emt 0:00:03]} Nbd7 {[%emt 0:00:03]} 8. c3 {[%emt 0:00:05]} Qc7 {[%emt 0:00:03]} 9. Re1 {[%emt 0:00:06]} e5 {[%emt 0:00:01]} 10. Nb3 {[%emt 0:00:17]} Re8 {[%emt 0:00:34]} 11. Qc2 {[%emt 0:00:16]} Rf8 {[%emt 0:00:43]} 12. Rad1 {[%emt 0:00:35]} Nxe4 {[%emt 0:00:20]} 13. Bxe4 {[%emt 0:00:15]} f5 {[%emt 0:00:01]} 14. Ng5 {[%emt 0:00:22]} Nf6 {[%emt 0:00:55]} 15. dxe5 {[%emt 0:00:29]} Nxe4 {[%emt 0:00:15]} 16. Nxe4 {[%emt 0:00:18]} fxe4 {[%emt 0:00:19]} 17. exd6 {[%emt 0:00:06]} Qd8 {[%emt 0:01:03]} 18. Qxe4 {[%emt 0:00:17]} Re8 {[%emt 0:00:45]} 19. Qd3 {[%emt 0:00:36]} Bf5 {[%emt 0:00:08]} 20. Qd2 {[%emt 0:00:15]} b6 {[%emt 0:00:49]} 21. Bf4 {[%emt 0:00:45]} Qd7 {[%emt 0:00:22]} 22. Nd4 {[%emt 0:00:11]} Bf6 {[%emt 0:02:25]} 23. Nxf5 {[%emt 0:00:27]} Rxe1+ {[%emt 0:00:09]} 24. Rxe1 {[%emt 0:00:07]} Qxf5 {[%emt 0:01:06]} 25. h3 {[%emt 0:01:16]} Rd8 {[%emt 0:00:02]} 26. Qe3 {[%emt 0:00:25]} Kf7 {[%emt 0:00:29]} 27. Bg3 {[%emt 0:00:40]} Bg5 {[%emt 0:00:11]} 28. Qe2 {[%emt 0:00:26]} Rd7 {[%emt 0:00:06]} 29. Qe8+ {[%emt 0:00:17]} Kg7 {[%emt 0:00:01]} 30. Be5+ {[%emt 0:00:15]} Kh6 {[%emt 0:00:07]} 31. Bg3 {[%emt 0:01:43]} Qf7 {[%emt 0:00:16]} 32. Qe5 {[%emt 0:00:31]} Bf6 {[%emt 0:00:07]} 33. Qf4+ {[%emt 0:00:03]} Kg7 {[%emt 0:00:02]} 34. Qg4 {[%emt 0:00:05]} h5 {[%emt 0:00:03]} 35. Qe4 {[%emt 0:00:09]} Qf8 {[%emt 0:00:04]} 36. Qe6 {[%emt 0:00:02]} Qf7 {[%emt 0:00:01]} 37. f3 {[%emt 0:00:08]} Kf8 {[%emt 0:00:03]} 38. Kf2 {[%emt 0:00:03]} Kg7 {[%emt 0:00:01]} 39. Qe4 {[%emt 0:00:03]} Qf8 {[%emt 0:00:04]} 40. Qxc6 {[%emt 0:00:01]} Qf7 {[%emt 0:00:01]} 41. Qe4 {[%emt 0:00:02]} Qc4 {[%emt 0:00:05]} 42. Qe6 {[%emt 0:00:02]} Qxe6 {[%emt 0:00:06]} 43. Rxe6 {[%emt 0:00:00]} Kf7 {[%emt 0:00:01]} 44. Re2 {[%emt 0:00:02]} Bd8 {[%emt 0:00:03]} 45. Be5 {[%emt 0:00:02]} Bf6 {[%emt 0:00:02]} 46. Bxf6 {[%emt 0:00:02]} Kxf6 {[%emt 0:00:00]} 47. Rd2 {[%emt 0:00:01]} h4 {[%emt 0:00:07]} 48. g3 {[%emt 0:00:02]} hxg3+ {[%emt 0:00:01]} 49. Kxg3 {[%emt 0:00:00]} Kf5 {[%emt 0:00:03]} 50. Rd5+ {[%emt 0:00:03]} Ke6 {[%emt 0:00:01]} 51. Rd4 {[%emt 0:00:03]} Kf5 {[%emt 0:00:07]} 52. f4 {[%emt 0:00:03]} a6 {[%emt 0:00:06]} 53. b4 {[%emt 0:00:05]} b5 {[%emt 0:00:01]} 54. a3 {[%emt 0:00:03]} Ke6 {[%emt 0:00:05]} 55. Kg4 {[%emt 0:00:02]} Kf6 {[%emt 0:00:01]} 56. h4 {[%emt 0:00:07]} Ke6 {[%emt 0:00:04]} 57. Kg5 {[%emt 0:00:01]} Rxd6 {[%emt 0:00:01]} 58. Rxd6+ {[%emt 0:00:01]} Kxd6 {[%emt 0:00:00]} 59. Kxg6 {[%emt 0:00:01]} Kd5 {[%emt 0:00:00]} 60. f5 {[%emt 0:00:02]} Kc4 {[%emt 0:00:00]} 61. f6 {[%emt 0:00:01]} Kxc3 {[%emt 0:00:00]} 62. f7 {[%emt 0:00:01]} Kb3 {[%emt 0:00:00]} 63. f8=Q {[%emt 0:00:01]} Kxa3 {[%emt 0:00:00]} 64. h5 {[%emt 0:00:03]} Ka4 {[%emt 0:00:03]} 65. h6 {[%emt 0:00:02]} a5 {[%emt 0:00:01]} 66. bxa5 {[%emt 0:00:03]} Kxa5 {[%emt 0:00:01]} 67. h7 {[%emt 0:00:04]} Ka4 {[%emt 0:00:00]} 68. h8=Q {[%emt 0:00:04]} b4 {[%emt 0:00:00]} 69. Qh4 {[%emt 0:00:05]} Ka3 {[%emt 0:00:06]} 70. Qfxb4+ {[%emt 0:00:03]} Ka2 {[%emt 0:00:00]} 71. Qh2+ {[%emt 0:00:02]} Ka1 {[%emt 0:00:01]} 72. Qbb2# {[%emt 0:00:01] Mate Mate} 1-0

[Event "OEISM 0818 BLMM"]
[Site "austriablmm"]
[Date "2020.12.12"]
[Round "7"]
[White "Moritz_Pernerstorfer"]
[Black "Matschi2006"]
[Result "0-1"]
[WhiteElo "1706"]
[BlackElo "1722"]
[Annotator "NA"]
[PlyCount "66"]
[EventDate "2020.12.12"]
[EventType "blitz"]

1. e4 {[%emt 0:00:08]} c6 {[%emt 0:00:02]} 2. d4 {[%emt 0:00:10]} d5 {[%emt 0:00:05]} 3. Nd2 {[%emt 0:00:01]} dxe4 {[%emt 0:00:01]} 4. Nxe4 {[%emt 0:00:02]} Nf6 {[%emt 0:00:00]} 5. Ng3 {[%emt 0:00:20]} h5 {[%emt 0:00:03]} 6. h4 {[%emt 0:00:07]} c5 {[%emt 0:00:01]} 7. Nf3 {[%emt 0:00:06]} Bg4 {[%emt 0:00:04]} 8. Be2 {[%emt 0:00:18]} Nc6 {[%emt 0:00:08]} 9. dxc5 {[%emt 0:00:04]} Qxd1+ {[%emt 0:00:07]} 10. Bxd1 {[%emt 0:00:01]} e6 {[%emt 0:00:00]} 11. Be3 {[%emt 0:00:06]} Nd5 {[%emt 0:00:04]} 12. Bd4 {[%emt 0:01:21]} Bxf3 {[%emt 0:00:16]} 13. Bxf3 {[%emt 0:00:13]} Nxd4 {[%emt 0:00:03]} 14. Bxd5 {[%emt 0:00:17]} exd5 {[%emt 0:00:04]} 15. O-O {[%emt 0:00:02]} O-O-O {[%emt 0:00:08]} 16. c3 {[%emt 0:00:04]} Ne6 {[%emt 0:00:05]} 17. b4 {[%emt 0:00:02]} Be7 {[%emt 0:00:21]} 18. Nf5 {[%emt 0:00:07]} Bf6 {[%emt 0:00:05]} 19. Nd6+ {[%emt 0:00:05]} Kc7 {[%emt 0:00:23]} 20. Nxf7 {[%emt 0:00:11]} Bxc3 {[%emt 0:00:07]} 21. Rab1 {[%emt 0:00:08]} Bf6 {[%emt 0:01:36]} 22. Nxh8 {[%emt 0:00:14]} Rxh8 {[%emt 0:00:01]} 23. Rfe1 {[%emt 0:00:16]} Nd4 {[%emt 0:00:16]} 24. Red1 {[%emt 0:01:02]} Kc6 {[%emt 0:00:19]} 25. Kf1 {[%emt 0:00:28]} Kb5 {[%emt 0:00:12]} 26. g3 {[%emt 0:01:22]} Rd8 {[%emt 0:00:44]} 27. Rd2 {[%emt 0:00:55]} Nc6 {[%emt 0:00:15]} 28. Re2 {[%emt 0:00:57]} d4 {[%emt 0:00:15]} 29. Re6 {[%emt 0:00:18]} Kc4 {[%emt 0:00:14]} 30. a3 {[%emt 0:00:20]} Kc3 {[%emt 0:00:06]} 31. Ke2 {[%emt 0:00:16]} Kc2 {[%emt 0:00:07]} 32. Rd1 {[%emt 0:00:38]} d3+ {[%emt 0:00:04]} 33. Ke1 {[%emt 0:00:52]} Bc3+ {[%emt 0:00:04] Moritz_Pernerstorfer resigns} 0-1

[Event "OEISM 0818 BLMM"]
[Site "austriablmm"]
[Date "2020.12.12"]
[Round "7"]
[White "Martinovicdavid"]
[Black "Famol"]
[Result "1/2-1/2"]
[WhiteElo "1692"]
[BlackElo "1586"]
[Annotator "NA RC"]
[PlyCount "97"]
[EventDate "2020.12.12"]
[EventType "blitz"]

1. e4 {[%emt 0:00:03]} c6 {[%emt 0:00:05]} 2. d4 {[%emt 0:00:02]} d6 {[%emt 0:00:01]} 3. c4 {[%emt 0:00:03]} Nd7 {[%emt 0:00:01]} 4. Nc3 {[%emt 0:00:02]} Qc7 {[%emt 0:00:01]} 5. Nf3 {[%emt 0:00:03]} e5 {[%emt 0:00:01]} 6. d5 {[%emt 0:00:10]} Ngf6 {[%emt 0:00:02]} 7. Bg5 {[%emt 0:00:08]} Be7 {[%emt 0:00:02]} 8. Be2 {[%emt 0:00:18]} Nf8 {[%emt 0:00:02]} 9. Qd2 {[%emt 0:00:12]} Ng6 {[%emt 0:00:02]} 10. O-O {[%emt 0:00:13]} O-O {[%emt 0:00:02]} 11. Rad1 {[%emt 0:00:08]} h6 {[%emt 0:00:01]} 12. Bh4 {[%emt 0:00:35]} Nxh4 {[%emt 0:00:10]} 13. Nxh4 {[%emt 0:00:03]} Rd8 {[%emt 0:00:31]} 14. f4 {[%emt 0:00:11]} Nxe4 {[%emt 0:00:10]} 15. Nxe4 {[%emt 0:00:19]} Bxh4 {[%emt 0:00:02]} 16. fxe5 {[%emt 0:00:04]} dxe5 {[%emt 0:00:22]} 17. d6 {[%emt 0:00:31]} Qb6+ {[%emt 0:00:08]} 18. c5 {[%emt 0:00:03]} Bg5 {[%emt 0:00:22]} 19. Qxg5 {[%emt 0:00:28]} hxg5 {[%emt 0:00:05]} 20. cxb6 {[%emt 0:00:03]} axb6 {[%emt 0:00:01]} 21. a3 {[%emt 0:00:10]} f6 {[%emt 0:00:04]} 22. Bc4+ {[%emt 0:00:18]} Kh8 {[%emt 0:00:08]} 23. Ng3 {[%emt 0:00:25]} Bg4 {[%emt 0:00:05]} 24. Rd2 {[%emt 0:00:04]} Rd7 {[%emt 0:00:01]} 25. Nf5 {[%emt 0:00:04]} Rad8 {[%emt 0:00:09]} 26. Be6 {[%emt 0:00:40]} Bxf5 {[%emt 0:00:14]} 27. Bxd7 {[%emt 0:00:04]} Bxd7 {[%emt 0:00:07]} 28. b4 {[%emt 0:00:09]} b5 {[%emt 0:00:03]} 29. Kf2 {[%emt 0:00:16]} Kg8 {[%emt 0:00:02]} 30. Kg3 {[%emt 0:00:11]} Kf7 {[%emt 0:00:02]} 31. h4 {[%emt 0:00:04]} gxh4+ {[%emt 0:00:03]} 32. Kxh4 {[%emt 0:00:03]} Bf5 {[%emt 0:00:02]} 33. Rxf5 {[%emt 0:00:04]} Ke6 {[%emt 0:00:01]} 34. Rh5 {[%emt 0:00:06]} Rxd6 {[%emt 0:00:14]} 35. Rxd6+ {[%emt 0:00:03]} Kxd6 {[%emt 0:00:01]} 36. Kg4 {[%emt 0:00:01]} Ke6 {[%emt 0:00:02]} 37. Rh7 {[%emt 0:00:07]} Kf7 {[%emt 0:00:01]} 38. Kf5 {[%emt 0:00:03]} b6 {[%emt 0:00:03]} 39. g4 {[%emt 0:00:03]} c5 {[%emt 0:00:01]} 40. g5 {[%emt 0:00:12]} c4 {[%emt 0:00:16]} 41. gxf6 {[%emt 0:00:12]} c3 {[%emt 0:00:07]} 42. Rxg7+ {[%emt 0:00:03]} Kf8 {[%emt 0:00:02]} 43. Rg2 {[%emt 0:00:11]} Kf7 {[%emt 0:00:08]} 44. Kxe5 {[%emt 0:00:05]} c2 {[%emt 0:00:04]} 45. Rxc2 {[%emt 0:00:03]} Kg6 {[%emt 0:00:04]} 46. Ke6 {[%emt 0:00:03]} Kg5 {[%emt 0:00:03]} 47. f7 {[%emt 0:00:02]} Kg6 {[%emt 0:00:01]} 48. f8=Q {[%emt 0:00:01]} Kh7 {[%emt 0:00:05]} 49. Rg2 {[%emt 0:00:00] Stalemate Stalemate} 1/2-1/2

[Event "OEISM 0818 BLMM"]
[Site "austriablmm"]
[Date "2020.12.12"]
[Round "7"]
[White "Widder2010"]
[Black "EdiRaber"]
[Result "0-1"]
[WhiteElo "1654"]
[BlackElo "1725"]
[Annotator "NA"]
[PlyCount "134"]
[EventDate "2020.12.12"]
[EventType "blitz"]

1. d4 {[%emt 0:00:02]} d5 {[%emt 0:00:13]} 2. c4 {[%emt 0:00:03]} c6 {[%emt 0:00:02]} 3. cxd5 {[%emt 0:00:03]} cxd5 {[%emt 0:00:02]} 4. Nc3 {[%emt 0:00:02]} Nc6 {[%emt 0:00:02]} 5. Bf4 {[%emt 0:00:02]} Bf5 {[%emt 0:00:05]} 6. Nb5 {[%emt 0:00:22]} Rc8 {[%emt 0:00:04]} 7. Nc3 {[%emt 0:00:08]} Nf6 {[%emt 0:00:04]} 8. e3 {[%emt 0:00:02]} e6 {[%emt 0:00:02]} 9. a3 {[%emt 0:00:02]} Bd6 {[%emt 0:00:03]} 10. Bxd6 {[%emt 0:00:05]} Qxd6 {[%emt 0:00:00]} 11. Bd3 {[%emt 0:00:03]} Bxd3 {[%emt 0:00:03]} 12. Qxd3 {[%emt 0:00:02]} O-O {[%emt 0:00:03]} 13. Nf3 {[%emt 0:00:03]} Rfe8 {[%emt 0:00:08]} 14. O-O {[%emt 0:00:06]} e5 {[%emt 0:00:23]} 15. dxe5 {[%emt 0:00:04]} Nxe5 {[%emt 0:00:17]} 16. Nxe5 {[%emt 0:00:03]} Qxe5 {[%emt 0:00:01]} 17. Ne2 {[%emt 0:00:05]} Rcd8 {[%emt 0:00:15]} 18. Qd4 {[%emt 0:00:04]} Qxd4 {[%emt 0:00:05]} 19. Nxd4 {[%emt 0:00:02]} Ne4 {[%emt 0:00:02]} 20. Rfd1 {[%emt 0:00:06]} Rc8 {[%emt 0:00:04]} 21. Rac1 {[%emt 0:00:04]} f6 {[%emt 0:00:34]} 22. Nb3 {[%emt 0:00:08]} a5 {[%emt 0:00:12]} 23. g3 {[%emt 0:00:18]} a4 {[%emt 0:00:08]} 24. Nd4 {[%emt 0:00:04]} b6 {[%emt 0:00:03]} 25. Nf3 {[%emt 0:00:38]} Kf7 {[%emt 0:00:08]} 26. Nd4 {[%emt 0:00:28]} Rc5 {[%emt 0:00:12]} 27. Rxc5 {[%emt 0:00:11]} bxc5 {[%emt 0:00:00]} 28. Nc2 {[%emt 0:00:04]} Rd8 {[%emt 0:00:03]} 29. f3 {[%emt 0:00:18]} Ng5 {[%emt 0:00:05]} 30. Kf2 {[%emt 0:00:03]} Ke6 {[%emt 0:00:06]} 31. e4 {[%emt 0:00:24]} Nf7 {[%emt 0:00:15]} 32. exd5+ {[%emt 0:00:18]} Rxd5 {[%emt 0:00:19]} 33. Ne3 {[%emt 0:00:11]} Rxd1 {[%emt 0:00:04]} 34. Nxd1 {[%emt 0:00:02]} Kd5 {[%emt 0:00:01]} 35. Ke2 {[%emt 0:00:02]} Kc4 {[%emt 0:00:02]} 36. Kd2 {[%emt 0:00:11]} Kb3 {[%emt 0:00:02]} 37. f4 {[%emt 0:00:02]} g6 {[%emt 0:00:03]} 38. Kd3 {[%emt 0:00:04]} Nd6 {[%emt 0:00:10]} 39. Nc3 {[%emt 0:00:38]} Kxb2 {[%emt 0:00:10]} 40. Nxa4+ {[%emt 0:00:06]} Kxa3 {[%emt 0:00:02]} 41. Nxc5 {[%emt 0:00:02]} Kb4 {[%emt 0:00:02]} 42. Ne4 {[%emt 0:00:02]} Nxe4 {[%emt 0:00:06]} 43. Kxe4 {[%emt 0:00:02]} Kc5 {[%emt 0:00:01]} 44. g4 {[%emt 0:00:03]} Kc4 {[%emt 0:00:07]} 45. f5 {[%emt 0:00:03]} g5 {[%emt 0:00:03]} 46. Ke3 {[%emt 0:00:16]} Kd5 {[%emt 0:00:14]} 47. Kf3 {[%emt 0:00:05]} Kd4 {[%emt 0:00:03]} 48. Kg3 {[%emt 0:00:05]} Ke3 {[%emt 0:00:04]} 49. h4 {[%emt 0:00:02]} h6 {[%emt 0:00:07]} 50. h5 {[%emt 0:00:31]} Ke4 {[%emt 0:00:05]} 51. Kh3 {[%emt 0:00:04]} Kf3 {[%emt 0:00:10]} 52. Kh2 {[%emt 0:00:05]} Kxg4 {[%emt 0:00:01]} 53. Kg2 {[%emt 0:00:03]} Kxh5 {[%emt 0:00:02]} 54. Kf3 {[%emt 0:00:02]} g4+ {[%emt 0:00:01]} 55. Ke4 {[%emt 0:00:02]} Kg5 {[%emt 0:00:03]} 56. Ke3 {[%emt 0:00:02]} Kxf5 {[%emt 0:00:02]} 57. Kf2 {[%emt 0:00:01]} Kf4 {[%emt 0:00:01]} 58. Kg2 {[%emt 0:00:02]} h5 {[%emt 0:00:01]} 59. Kh2 {[%emt 0:00:02]} h4 {[%emt 0:00:00]} 60. Kg2 {[%emt 0:00:02]} Ke3 {[%emt 0:00:01]} 61. Kh2 {[%emt 0:00:01]} f5 {[%emt 0:00:00]} 62. Kg2 {[%emt 0:00:02]} f4 {[%emt 0:00:00]} 63. Kh2 {[%emt 0:00:01]} f3 {[%emt 0:00:02]} 64. Kg1 {[%emt 0:00:02]} g3 {[%emt 0:00:00]} 65. Kh1 {[%emt 0:00:02]} h3 {[%emt 0:00:01]} 66. Kg1 {[%emt 0:00:02]} f2+ {[%emt 0:00:02]} 67. Kh1 {[%emt 0:00:04]} f1=R# {[%emt 0:00:05] Mate Mate} 0-1

[Event "OEISM 0818 BLMM"]
[Site "austriablmm"]
[Date "2020.12.12"]
[Round "7"]
[White "BiancaD"]
[Black "Chessellis"]
[Result "0-1"]
[WhiteElo "1643"]
[BlackElo "1656"]
[Annotator "NA RC"]
[PlyCount "104"]
[EventDate "2020.12.12"]
[EventType "blitz"]

1. e4 {[%emt 0:00:01]} c5 {[%emt 0:00:02]} 2. Nf3 {[%emt 0:00:01]} d6 {[%emt 0:00:01]} 3. Bc4 {[%emt 0:00:02]} Nc6 {[%emt 0:00:05]} 4. h3 {[%emt 0:00:06]} Nf6 {[%emt 0:00:04]} 5. d3 {[%emt 0:00:02]} g6 {[%emt 0:00:02]} 6. O-O {[%emt 0:00:03]} Bg7 {[%emt 0:00:02]} 7. Nc3 {[%emt 0:00:04]} O-O {[%emt 0:00:02]} 8. a3 {[%emt 0:00:04]} Bd7 {[%emt 0:00:12]} 9. Bg5 {[%emt 0:00:08]} Rc8 {[%emt 0:00:07]} 10. Nd5 {[%emt 0:00:08]} Nxd5 {[%emt 0:00:20]} 11. exd5 {[%emt 0:00:16]} Nd4 {[%emt 0:00:17]} 12. Nxd4 {[%emt 0:00:03]} Bxd4 {[%emt 0:00:02]} 13. c3 {[%emt 0:00:05]} Be5 {[%emt 0:00:09]} 14. Bh6 {[%emt 0:00:02]} Bg7 {[%emt 0:00:09]} 15. Bxg7 {[%emt 0:00:05]} Kxg7 {[%emt 0:00:01]} 16. Re1 {[%emt 0:00:04]} Re8 {[%emt 0:00:10]} 17. d4 {[%emt 0:00:17]} Qb6 {[%emt 0:00:19]} 18. Qb3 {[%emt 0:00:31]} Qxb3 {[%emt 0:00:31]} 19. Bxb3 {[%emt 0:00:04]} cxd4 {[%emt 0:00:03]} 20. cxd4 {[%emt 0:00:02]} Bf5 {[%emt 0:00:06]} 21. g4 {[%emt 0:00:10]} Bd7 {[%emt 0:00:09]} 22. Rac1 {[%emt 0:00:03]} Kf6 {[%emt 0:00:35]} 23. Rc2 {[%emt 0:00:21]} Rxc2 {[%emt 0:00:34]} 24. Bxc2 {[%emt 0:00:03]} Rc8 {[%emt 0:00:03]} 25. Bb3 {[%emt 0:00:16]} b6 {[%emt 0:00:22]} 26. Kg2 {[%emt 0:00:10]} Bb5 {[%emt 0:00:11]} 27. h4 {[%emt 0:00:58]} Rc7 {[%emt 0:00:45]} 28. Kf3 {[%emt 0:00:13]} h6 {[%emt 0:00:54]} 29. Kf4 {[%emt 0:00:09]} g5+ {[%emt 0:00:15]} 30. hxg5+ {[%emt 0:00:03]} hxg5+ {[%emt 0:00:00]} 31. Kf3 {[%emt 0:00:05]} Bc4 {[%emt 0:00:07]} 32. Bxc4 {[%emt 0:00:22]} Rxc4 {[%emt 0:00:00]} 33. Ke4 {[%emt 0:00:06]} Rc2 {[%emt 0:00:05]} 34. b4 {[%emt 0:00:08]} Rxf2 {[%emt 0:00:04]} 35. Ke3 {[%emt 0:00:03]} Ra2 {[%emt 0:00:20]} 36. Rh1 {[%emt 0:00:14]} Rxa3+ {[%emt 0:00:15]} 37. Ke4 {[%emt 0:00:05]} Rg3 {[%emt 0:00:32]} 38. Rf1+ {[%emt 0:00:09]} Kg6 {[%emt 0:00:12]} 39. Rc1 {[%emt 0:00:34]} Rxg4+ {[%emt 0:00:14]} 40. Kd3 {[%emt 0:00:04]} f5 {[%emt 0:00:28]} 41. Rc7 {[%emt 0:00:05]} f4 {[%emt 0:00:23]} 42. Rxe7 {[%emt 0:00:05]} f3 {[%emt 0:00:02]} 43. Re6+ {[%emt 0:00:01]} Kf5 {[%emt 0:00:04]} 44. Rxd6 {[%emt 0:00:11]} Rf4 {[%emt 0:00:05]} 45. Rd8 {[%emt 0:00:05]} f2 {[%emt 0:00:03]} 46. Rf8+ {[%emt 0:00:02]} Kg4 {[%emt 0:00:11]} 47. Rxf4+ {[%emt 0:00:03]} Kxf4 {[%emt 0:00:02]} 48. Ke2 {[%emt 0:00:01]} Kg3 {[%emt 0:01:05]} 49. Kf1 {[%emt 0:00:04]} Kf3 {[%emt 0:00:03]} 50. d6 {[%emt 0:00:02]} g4 {[%emt 0:00:02]} 51. d7 {[%emt 0:00:01]} g3 {[%emt 0:00:02]} 52. d8=Q {[%emt 0:00:28]} g2# {[%emt 0:00:02] Mate Mate} 0-1

[Event "OEISM 0818 BLMM"]
[Site "austriablmm"]
[Date "2020.12.12"]
[Round "7"]
[White "Robert_III"]
[Black "gritschb"]
[Result "1-0"]
[WhiteElo "1628"]
[BlackElo "1529"]
[Annotator "NA RC"]
[PlyCount "57"]
[EventDate "2020.12.12"]
[EventType "blitz"]

1. e4 {[%emt 0:00:08]} c5 {[%emt 0:00:04]} 2. Nf3 {[%emt 0:00:02]} Nc6 {[%emt 0:00:02]} 3. d4 {[%emt 0:00:02]} cxd4 {[%emt 0:00:02]} 4. Nxd4 {[%emt 0:00:03]} g6 {[%emt 0:00:01]} 5. c4 {[%emt 0:00:02]} Bg7 {[%emt 0:00:02]} 6. Be3 {[%emt 0:00:01]} Nf6 {[%emt 0:00:02]} 7. Nc3 {[%emt 0:00:04]} O-O {[%emt 0:00:01]} 8. f3 {[%emt 0:00:05]} d6 {[%emt 0:00:05]} 9. Qd2 {[%emt 0:00:05]} Re8 {[%emt 0:00:04]} 10. h4 {[%emt 0:00:04]} Qa5 {[%emt 0:00:04]} 11. g4 {[%emt 0:00:09]} Ne5 {[%emt 0:00:02]} 12. h5 {[%emt 0:00:21]} Nxf3+ {[%emt 0:00:04]} 13. Nxf3 {[%emt 0:00:02]} Nxg4 {[%emt 0:00:12]} 14. Bd4 {[%emt 0:00:09]} e5 {[%emt 0:00:11]} 15. Bg1 {[%emt 0:00:11]} Bh6 {[%emt 0:00:10]} 16. Qxd6 {[%emt 0:00:23]} Be6 {[%emt 0:00:09]} 17. Qc5 {[%emt 0:00:12]} Qd8 {[%emt 0:00:17]} 18. Nd5 {[%emt 0:00:11]} Rc8 {[%emt 0:00:15]} 19. Qb4 {[%emt 0:00:15]} Bxd5 {[%emt 0:00:18]} 20. exd5 {[%emt 0:00:03]} e4 {[%emt 0:00:13]} 21. Nd4 {[%emt 0:00:02]} Qf6 {[%emt 0:00:11]} 22. hxg6 {[%emt 0:00:08]} hxg6 {[%emt 0:00:09]} 23. Rxh6 {[%emt 0:00:33]} Nxh6 {[%emt 0:00:03]} 24. O-O-O {[%emt 0:00:02]} Qg5+ {[%emt 0:00:09]} 25. Qd2 {[%emt 0:00:25]} Qxg1 {[%emt 0:00:04]} 26. Qxh6 {[%emt 0:00:10]} Rxc4+ {[%emt 0:00:07]} 27. Bxc4 {[%emt 0:00:06]} Qf2 {[%emt 0:00:17]} 28. Rh1 {[%emt 0:00:04]} f6 {[%emt 0:00:12]} 29. d6+ {[%emt 0:00:06] gritschb resigns} 1-0